History Quiz

Random History or Justice Quiz

US Supreme Court Justices Quiz Stats

 Plays Quiz Updated Oct 6, 2018

Score 0/119 Timer 15:00
7 Plays Today
President Justice % Correct
G.W. BushJohn G. Roberts
89.3%
HooverOwen Roberts
88.6%
G.H.W. BushClarence Thomas
86.9%
J. AdamsJohn Marshall
86.4%
L.B. JohnsonThurgood Marshall
86.2%
ClintonRuth Bader Ginsburg
85.8%
TrumpBrett Kavanaugh
85.3%
ReaganAntonin Scalia
85.1%
ReaganSandra Day O'Connor
84.8%
ObamaSonia Sotomayor
84.7%
TrumpNeil Gorsuch
84.5%
ReaganAnthony Kennedy
82.2%
G.W. BushSamuel Alito
80.2%
HardingWilliam Howard Taft
79%
NixonWilliam Rehnquist
78.9%
ReaganWilliam Rehnquist
78.9%
WashingtonJohn Jay
76.8%
EisenhowerEarl Warren
75.6%
ClintonStephen Breyer
73.1%
FordJohn Paul Stevens
71.2%
G.H.W. BushDavid Hackett Souter
71%
NixonWarren Burger
70.8%
F. RooseveltHugo Black
69.2%
KennedyByron White
68.3%
ClevelandEdward Douglass White
68.3%
TaftEdward Douglass White
68.3%
WashingtonThomas Johnson
65.1%
JeffersonWilliam Johnson
65.1%
ObamaElena Kagan
63.8%
F. RooseveltRobert H. Jackson
61.1%
B. HarrisonHowell Edmunds Jackson
60.9%
JacksonRoger B. Taney
58.5%
T. RooseveltOliver Wendell Holmes, Jr.
56.4%
NixonHarry Blackmun
55.6%
F. RooseveltFelix Frankfurter
55.3%
WilsonLouis Brandeis
54.1%
LincolnSalmon P. Chase
52.8%
WashingtonSamuel Chase
52.7%
F. RooseveltWilliam O. Douglas
51.8%
EisenhowerWilliam J. Brennan, Jr.
51.8%
President Justice % Correct
J. AdamsBushrod Washington
50.6%
EisenhowerJohn Marshall Harlan II
50.4%
HayesJohn Marshall Harlan
50.4%
TrumanFred M. Vinson
50%
WashingtonJames Wilson
49.8%
CoolidgeHarlan F. Stone
49.7%
F. RooseveltHarlan F. Stone
49.7%
TaftCharles Evans Hughes
49.2%
HooverCharles Evans Hughes
49.2%
L.B. JohnsonAbe Fortas
49%
WashingtonJohn Rutledge
48.5%
WashingtonJohn Rutledge
48.5%
HooverBenjamin N. Cardozo
48.3%
NixonLewis Powell, Jr.
48.3%
F. RooseveltWiley Blount Rutledge
48.1%
EisenhowerPotter Stewart
47.3%
B. HarrisonHenry Billings Brown
46.9%
KennedyArthur Goldberg
44.4%
TrumanTom C. Clark
41.4%
LincolnDavid Davis
40.5%
WashingtonOliver Ellsworth
40%
GrantMorrison Waite
38.1%
MadisonJoseph Story
37.6%
ClevelandMelville Fuller
37.5%
MonroeSmith Thompson
36.4%
T. RooseveltWilliam R. Day
36.1%
WilsonJames Clark McReynolds
36.1%
F. RooseveltStanley Forman Reed
36%
F. RooseveltFrank Murphy
35.7%
LincolnSamuel Freeman Miller
35.5%
TrumanSherman Minton
34.8%
WashingtonJames Iredell
34.4%
EisenhowerCharles Evans Whittaker
34.2%
ClevelandLucius Quintus Cincinnatus Lamar
34.2%
LincolnStephen Johnson Field
34.2%
TaftJoseph Rucker Lamar
34.1%
Van BurenJohn McKinley
33.5%
ArthurHorace Gray
33.4%
WilsonJohn Hessin Clarke
33.2%
WashingtonWillam Cushing
32.9%
President Justice % Correct
F. RooseveltJames F. Byrnes
32.9%
WashingtonJohn Blair, Jr.
32.5%
TaftWillis Van Devanter
32.5%
TrumanHarold Hitz Burton
32.4%
HardingGeorge Sutherland
32.2%
HardingPierce Butler
31.8%
J. AdamsAlfred Moore
31.1%
WashingtonWilliam Paterson
30.5%
McKinleyJoseph McKenna
29.9%
GrantWilliam Strong
29.6%
GrantWard Hunt
29.1%
GrantJoseph P. Bradley
28.8%
TylerSamuel Nelson
28.7%
JeffersonHenry Brockholst Livingston
28.5%
FillmoreBenjamin Robbins Curtis
28.4%
PierceJohn Archibald Campbell
27.9%
GarfieldStanley Matthews
27.8%
HardingEdward Terry Sanford
27.7%
B. HarrisonDavid Josiah Brewer
27.7%
JeffersonThomas Todd
27.6%
JacksonJohn McLean
27.6%
T. RooseveltWilliam Henry Moody
27.3%
JacksonJames Moore Wayne
27.3%
HayesWilliam Burnham Woods
27.3%
MadisonGabriel Duvall
27.3%
TaftHorace Harmon Lurton
27.1%
Van BurenPeter Vivian Daniel
27.1%
LincolnNoah Haynes Swayne
26.4%
ClevelandRufus Wheeler Peckham
26.4%
TaftMahlon Pitney
26.2%
JacksonPhilip Pendleton Barbour
25.2%
Van BurenJohn Catron
25.1%
JacksonHenry Baldwin
25%
PolkRobert Cooper Grier
25%
J. Q. AdamsRobert Trimble
24.9%
BuchananNathan Clifford
24.8%
B. HarrisonGeorge Shiras, Jr.
24.6%
PolkLevi Woodbury
24.4%
ArthurSamuel Blatchford
24.1%

You're not logged in!

Compare scores with friends on all Sporcle quizzes.
OR
Log In

Sporcle TV

Today on Sporcle TV


Watch our educational content, quiz creation guides, and fun videos on Sporcle TV.

Show Comments

Extras

Top Quizzes Today


Score Distribution

Your Account Isn't Verified!

In order to create a playlist on Sporcle, you need to verify the email address you used during registration. Go to your Sporcle Settings to finish the process.

Report this User

Report this user for behavior that violates our Community Guidelines.

Details: